| 000 | 00883nac a22003137a 4500 | ||
|---|---|---|---|
| 001 | BR9301857 | ||
| 003 | BR-BrBNA | ||
| 005 | 20240105121452.0 | ||
| 008 | 230509b bl.|||m| |||| 00| 0 por d | ||
| 040 |
_aBR-BrBNA _bpor _cBiblioteca Nacional de Agricultura |
||
| 072 | _aF01; H10; H20 | ||
| 090 | _a1470 BR9301857 | ||
| 110 | 1 | _aCentro Nacional de Pesquisa de Hortalicas, Brasilia, DF (Brasil) | |
| 245 | 1 | _aAs culturas da ervilha e da lentilha | |
| 260 | 3 |
_aBrasilia, DF (Brasil): _c1993. |
|
| 300 | _a54 p. | ||
| 490 |
_aColecao Plantar (Brazil) _vno. 2 _x |
||
| 500 | _a7 tables | ||
| 650 | _aErvilha | ||
| 650 | _aLentilha | ||
| 650 | _aAdubacao | ||
| 650 | _aVariedade | ||
| 650 | _aPraga de Planta | ||
| 650 | _aDoenca de Planta | ||
| 650 | _aHerbicida | ||
| 650 | _aColheita | ||
| 909 |
_a202312 _bLúcia Elande _c55 _dLúcia Elande |
||
| 942 |
_2AGRIS _n0 _cMS |
||
| 999 |
_c285493 _d285493 |
||